00673nam a2200181 a 450000100100000000500170001000800410002704000250006808200220009310000360011524500540015125000110020526000350021630000210025104900090027295201930028199900170047400003585220200930074650.0111115s1959 ag 000 0 spa d aDO-SdBNPbspacBNPHU axxxxbA859s, 19591 aAsturias, Miguel Ángel93815113aEl señor presidente /cMiguel Ángel Asturias. a3a ed. aBuenos Aires :bLosada,c1959. a310 p. ;c20 cm. aBNGR 001050718MOaGRbGRcCTd2011-11-15iLF1l0oxxxx A859s, 1959p35852-10r2020-06-25w2020-06-25y1zPerteneció a la biblioteca personal de Juan Isidro Jimenes GrullónZNo se presta c35343d35343